000 01060cam a22003014a 4500
003 SISC
005 20160204100125.0
008 030204s2004 paua c b 001 0 eng
020 _a1590845692 (lib. bdg.)
020 _a1590845595 (series)
040 _aDLC
_cDLC
_dDLC
042 _apcc
_alcac
050 0 0 _aRC 533
_b.B745 2004
082 0 0 _aHS 616.85
_bB76dt 2004
100 1 _aBrinkerhoff, Shirley.
_911230
245 1 0 _aDrug therapy and obsessive-compulsive disorder /
_cShirley Brinkerhoff.
246 1 8 _aObsessive-compulsive disorders
260 _aPhiladelphia :
_bMason Crest Publishers,
_cc2004.
300 _a124 p. :
_bcol. ill. ;
_c25 cm.
490 1 _aPsychiatric disorders : drugs and psychology for the mind and body
650 0 _aObsessive-compulsive disorder
_vJuvenile literature.
_912493
650 0 _aObsessive-compulsive disorder
_xChemotherapy
_vJuvenile literature.
_912494
650 1 _aObsessive-compulsive disorder.
_912495
830 0 _aPsychiatric disorders
_911164
942 _2lcc
_cBK
999 _c9118
_d9118